000 00545nam a22001932 4500
001 0000002146
005 20170406114014.0
008 140219s xx 000 0 eng d
020 _a9781870905565 :
_c$
040 _aYour Holding Symbol
_cYour Holding Symbol
100 1 _aChisholm,John.
245 1 0 _aMaking sense of the cost rent scheme.
250 _a ed.
260 _aOxford :
_bRadicliffe medical press,
_c1992.
300 _a166 p. :
_bill ;
_c cm.
504 _aindex.
650 0 _acost rent.
908 _a140219
999 _c2050
_d2050